LEADER 01480nas a2200301 i 4500 001 000000204365 003 CaOOAMICUS 005 20110726000000.0 008 110726b2000 gw uu u0 0ger r 013 $a183085 040 $aSeMil$bita 245 10$a2000 /$cSchriftleitung Harald Wagner. 260 $aMünster :$bAschendorff,$ccopyr. 2000. 300 $aXVI, 528, XVIII col. :$b4 ill. ;$c30 cm. 700 1 $aWagner, Harald <1944-2016>.$0(OLS)http://semarc/name/16092 774 0 $tChristliches Fundament und friedliche Globalisierung.$w()275684 774 0 $t96. Jahrgang 2000 [Inhaltverzeichnis].$w()275685 774 0 $tZurück zu den Ursprüngen! Christen auf dem Weg ins neue Jahrtausend ; Neue Bücher zum Kirchenbau. - Titoli principali dalla prima pagina.$w()275686 774 0 $tStandortbestimmung des Religionsunterrichts durch Konzepte oder Rezepte?.$w()275687 774 0 $tKreuz, das die Philosophie nicht tragen konnte".$w()275688 774 0 $tSpiritualität und Mystik.$w()275689 774 0 $tGebirgslandschaft mit Bilderstreit.$w()275690 774 0 $tListe der Habilitationen und Dissertationen im akademischen Jahr 1998-1999. - Titolo dalla prima pagina.$w()275691 850 $aSeMil 852 $aSeMil$W1$xVenegono$y1$m201 6 17$j154859$B154859$CSeMilBibl$Z2$F165708 $85 961 $aAbbonamento: Aschendorff 996 $6245$a2000$9(OLS)http://semarc/title/222959 996 $6260$aMünster :$bAschendorff$9(OLS)http://semarc/publisher/29674 LEADER 01091nam a2200253 i 4500 001 000000071155 003 CaOOAMICUS 005 20091209000000.0 008 091209s2009 it u000 u ita u 013 $a42327 020 $a978-88-311-9341-2 040 $aSeMil$bita 245 10$aDizionario di economia civile /$cLuigino Bruni, Stefano Zamagni (edd.) 260 $aRoma :$bCittà Nuova,$c2009. 300 $a830 p. ;$c24 cm. 650 4$aEconomia - Enciclopedie e dizionari.$0(OLS)http://semarc/subject/1033 650 4$aEconomia e società - Enciclopedie e dizionari.$0(OLS)http://semarc/subject/14223 700 1 $aZamagni, Stefano,$d<1943- >.$0(OLS)http://semarc/name/18841 700 1 $aBruni, Luigino,$d<1966- >.$0(OLS)http://semarc/name/5214 850 $aSeMil 852 $aSeMil$W1$xVenegono$y1$mSL1.X II 8$j37308$B37308$CSeMilBibl$Z2$F37311 $8I 996 $6020$a978-88-311-9341-2$9(OLS)http://semarc/number/50164 996 $6245$aDizionario di economia civile$9(OLS)http://semarc/title/114399 996 $6260$aRoma :$bCittà Nuova$9(OLS)http://semarc/publisher/29609